|
|
|
|
| LEADER |
01792nam a2200349 i 4500 |
| 001 |
35068 |
| 003 |
BD-DhAAL |
| 005 |
20211118133800.0 |
| 008 |
190807t2016 nyua b 001 0 eng |
| 999 |
|
|
|c 40807
|d 40807
|
| 010 |
|
|
|a 2015008193
|
| 020 |
|
|
|a 9780415747943 (hbk)
|
| 020 |
|
|
|a 9780415747950 (pbk)
|
| 020 |
|
|
|z 9781315796765 (ebk)
|
| 040 |
|
|
|a DLC
|b eng
|c DLC
|e rda
|d DLC
|d BD-DhAAL
|
| 042 |
|
|
|a pcc
|
| 050 |
0 |
0 |
|a NA2728
|b .C49 2016
|
| 082 |
0 |
0 |
|a 729.0285
|2 23
|
| 100 |
1 |
|
|a Christenson, Mike,
|e author.
|9 33428
|
| 245 |
1 |
0 |
|a Beginning design technology /
|c Mike Christenson.
|
| 260 |
|
|
|a New York :
|b Routledge, Taylor & Francis Group,
|c 2016
|
| 300 |
|
|
|a xvi, 188 pages :
|b illustrations ;
|c 25 cm.
|
| 504 |
|
|
|a Includes bibliographical references (pages 173-181) and index.
|
| 505 |
0 |
|
|a Selection: learning about remote buildings through media -- Grain: understanding the inherent texture of digital and physical objects -- Translation: moving between and among architectural media -- Operation: the impact of scale on representation -- Gravity: testing the limits of simulation and representation -- Reflection.
|
| 526 |
|
|
|a ARC
|
| 541 |
|
|
|a Trim Education
|e 35068, 35069
|
| 650 |
|
0 |
|a Architectural design
|x Data processing.
|9 33429
|
| 650 |
|
0 |
|a Architecture
|9 42849
|
| 852 |
|
|
|a Ayesha Abed Library
|c General Stacks
|
| 942 |
|
|
|2 ddc
|c BK
|
| 952 |
|
|
|0 0
|1 0
|2 ddc
|4 0
|6 729_028500000000000_CHR
|7 0
|9 65925
|a BRACUL
|b BRACUL
|c GEN
|d 2019-07-28
|e Trim Education
|g 2945.00
|l 0
|o 729.0285 CHR
|p 3010035068
|r 2019-07-28
|t 1
|v 2945.00
|w 2019-07-28
|y BK
|
| 952 |
|
|
|0 0
|1 0
|2 ddc
|4 0
|6 729_028500000000000_CHR
|7 0
|9 65926
|a BRACUL
|b BRACUL
|c GEN
|d 2019-07-28
|e Trim Education
|g 2945.00
|l 1
|m 9
|o 729.0285 CHR
|p 3010035069
|r 2026-02-18
|s 2025-12-17
|t 2
|v 2945.00
|w 2019-07-28
|y BK
|x Transferred from ARC to BRACUL on 28/12/2023
|